[Event "FRA-chT2 South 0809"]
[Site "France"]
[Date "2009.01.18"]
[Round "6.3"]
[White "Heran, Raphael"]
[Black "Rouchouse, Stevens"]
[Result "0-1"]
[WhiteElo "2224"]
[BlackElo "2202"]
[PlyCount "78"]
[EventDate "2008.10.12"]
[EventType "team-tourn"]
[EventRounds "11"]
[EventCountry "FRA"]
[SourceTitle "EXT 2010"]
[Source "ChessBase"]
[SourceDate "2010.11.25"]
[SourceVersion "1"]
[SourceVersionDate "2010.11.25"]
[SourceQuality "1"]
[WhiteTeam "Marseille Echecs II"]
[BlackTeam "Monaco"]
[WhiteTeamCountry "FRA"]
[BlackTeamCountry "FRA"]

1. e4 c5 2. Nf3 e6 3. d4 cxd4 4. Nxd4 a6 5. c4 Nf6 6. Nc3 Qc7 7. Be2 Nc6 8. Nxc6 dxc6 9. Be3 Bb4 10. Qc2 Qe5 11. f3 0-0 12. 0-0 Bc5 13. Qc1 Bd4 14. Rd1 Rd8 15. Kh1 c5 16. f4 Qc7 17. e5 Ne8 18. Ne4 b6 19. Bxd4 cxd4 20. Qc2 Bb7 21. Ng5 g6 22. Bf3 Ng7 23. g4 Rac8 24. Rac1 f5 25. Qg2 Bxf3 26. Nxf3 fxg4 27. Nxd4 Qc5 28. Qe4 Rd7 29. Ne2 Rcd8 30. Rxd7 Rxd7 31. Ng3 Nf5 32. Qa8+ Kg7 33. Ne4 Qe3 34. Rf1 Qe2 35. Rf2 Rd1+ 36. Kg2 Ne3+ 37. Kg3 Rg1+ 38. Kh4 Nf5+ 39. Kg5 h6# 0-1

[Event "FRA-chT2 South 0809"]
[Site "France"]
[Date "2009.01.17"]
[Round "5.4"]
[White "Rouchouse, Stevens"]
[Black "Mourot, Felix"]
[Result "1-0"]
[WhiteElo "2202"]
[BlackElo "2198"]
[PlyCount "73"]
[EventDate "2008.10.12"]
[EventType "team-tourn"]
[EventRounds "11"]
[EventCountry "FRA"]
[SourceTitle "EXT 2010"]
[Source "ChessBase"]
[SourceDate "2010.11.25"]
[SourceVersion "1"]
[SourceVersionDate "2010.11.25"]
[SourceQuality "1"]
[WhiteTeam "Monaco"]
[BlackTeam "Avignon"]
[WhiteTeamCountry "FRA"]
[BlackTeamCountry "FRA"]

1. e4 c5 2. Nf3 g6 3. d4 cxd4 4. Nxd4 Nc6 5. c4 Nf6 6. Nc3 Nxd4 7. Qxd4 d6 8. Bg5 Bg7 9. Rc1 Qa5 10. Qd2 0-0 11. Be2 Be6 12. 0-0 Rfc8 13. b3 a6 14. Bd3 Rab8 15. Rfe1 b5 16. Nd5 Qxd2 17. Bxd2 Bxd5 18. cxd5 Ng4 19. Be2 Nf6 20. Bd3 Nd7 21. Rxc8+ Rxc8 22. Rc1 Rxc1+ 23. Bxc1 Nc5 24. Bc2 Bd4 25. Kf1 Kg7 26. Ke2 e6 27. Be3 Bc3 28. Bf4 e5 29. Bd2 Bd4 30. b4 Nd7 31. a4 Nb6 32. axb5 axb5 33. Bd3 Nc4 34. Bxc4 bxc4 35. b5 c3 36. Be3 c2 37. Kd2 1-0

[Event "EU-Cup 24th"]
[Site "Kallithea"]
[Date "2008.10.19"]
[Round "3"]
[White "Lehtivaara, Petri"]
[Black "Rouchouse, Stevens"]
[Result "1/2-1/2"]
[WhiteElo "2394"]
[BlackElo "2204"]
[PlyCount "72"]
[EventDate "2008.10.17"]
[EventType "team-swiss"]
[EventRounds "7"]
[EventCountry "GRE"]
[SourceTitle "CBM 127"]
[Source "ChessBase"]
[SourceDate "2008.11.13"]
[SourceVersion "1"]
[SourceVersionDate "2008.11.13"]
[SourceQuality "1"]
[WhiteTeam "Espoo MatSK"]
[BlackTeam "Monaco"]
[WhiteTeamCountry "FIN"]
[BlackTeamCountry "MNC"]

1. d4 Nf6 2. c4 c5 3. e3 g6 4. Nc3 Bg7 5. Nf3 0-0 6. d5 e6 7. Be2 exd5 8. cxd5 d6 9. Nd2 Na6 10. Nc4 Rb8 11. a4 Nb4 12. 0-0 b6 13. e4 Re8 14. f3 a6 15. Be3 Qc7 16. Bf4 Rd8 17. Qd2 Nh5 18. Bg5 Re8 19. g4 Bd4+ 20. Kh1 Nf6 21. Bf4 Be5 22. Nxe5 dxe5 23. Bg3 Qe7 24. f4 Nxg4 25. Bxg4 Bxg4 26. fxe5 Rb7 27. Qh6 Nd3 28. d6 Qf8 29. Qg5 Be6 30. Rf3 c4 31. b3 Qg7 32. bxc4 Bxc4 33. Rd1 h6 34. Qe3 Nxe5 35. Bxe5 Qxe5 36. Qxh6 Rd7 1/2-1/2

[Event "FRA-chT2 South 0708"]
[Site "France"]
[Date "2008.03.16"]
[Round "9.3"]
[White "Rouchouse, Stevens"]
[Black "Robin, Samy"]
[Result "1/2-1/2"]
[WhiteElo "2193"]
[BlackElo "2352"]
[PlyCount "49"]
[EventDate "2007.10.21"]
[EventType "team"]
[EventRounds "11"]
[EventCountry "FRA"]
[SourceTitle "EXT 2009"]
[Source "ChessBase"]
[SourceDate "2008.11.26"]
[SourceVersion "1"]
[SourceVersionDate "2008.11.26"]
[SourceQuality "1"]
[WhiteTeam "Monaco"]
[BlackTeam "Chamalieres"]
[WhiteTeamCountry "FRA"]
[BlackTeamCountry "FRA"]

1. e4 e5 2. d4 exd4 3. Bc4 Nc6 4. Nf3 Nf6 5. e5 d5 6. Bb5 Ne4 7. Nxd4 Bd7 8. Bxc6 bxc6 9. 0-0 Be7 10. f3 Nc5 11. Be3 0-0 12. Nc3 f6 13. exf6 Rxf6 14. Qd2 Ne6 15. Na4 Qf8 16. Nxe6 Rxe6 17. Qf2 Rg6 18. Kh1 Rb8 19. Bxa7 Rb4 20. Nc5 Bf5 21. g4 Rh6 22. gxf5 Rbh4 23. Nd3 Bd6 24. f4 c5 25. Rae1 1/2-1/2

[Event "FRA-chT2 South 0708"]
[Site "France"]
[Date "2007.12.16"]
[Round "4.5"]
[White "Rouchouse, Stevens"]
[Black "Diaz, Mickael"]
[Result "1-0"]
[WhiteElo "2203"]
[BlackElo "2218"]
[PlyCount "85"]
[EventDate "2007.10.21"]
[EventType "team"]
[EventRounds "11"]
[EventCountry "FRA"]
[SourceTitle "EXT 2009"]
[Source "ChessBase"]
[SourceDate "2008.11.26"]
[SourceVersion "1"]
[SourceVersionDate "2008.11.26"]
[SourceQuality "1"]
[WhiteTeam "Monaco"]
[BlackTeam "Vitrolles"]
[WhiteTeamCountry "FRA"]
[BlackTeamCountry "FRA"]

1. e4 c5 2. Nf3 Nc6 3. d4 cxd4 4. Nxd4 g6 5. c4 Bg7 6. Nc2 Nf6 7. Nc3 0-0 8. Be2 b6 9. Be3 Bb7 10. f3 Rc8 11. Rc1 Nh5 12. Qd2 f5 13. exf5 gxf5 14. Bh6 Bxh6 15. Qxh6 Ng7 16. Rd1 Ne5 17. Rd4 Rc6 18. Qh3 Ng6 19. f4 Ne6 20. 0-0 Nxd4 21. Nxd4 Rcf6 22. Bd3 e6 23. Qe3 Qb8 24. g3 e5 25. Nde2 exf4 26. Nxf4 Nxf4 27. Rxf4 Qd6 28. Rd4 Qe6 29. Qf2 f4 30. gxf4 Kh8 31. Ne2 Qg4+ 32. Qg3 Qh5 33. Qf2 Qg4+ 34. Qg3 Qh5 35. Qf2 Rg8+ 36. Ng3 Qc5 37. Rxd7 Qxf2+ 38. Kxf2 Rxf4+ 39. Ke3 Rf3+ 40. Kd2 Rf2+ 41. Ne2 Rg7 42. Rd8+ Rg8 43. Rd7 1-0

[Event "EU-Cup 23rd"]
[Site "Kemer"]
[Date "2007.10.05"]
[Round "3.2"]
[White "Rouchouse, Stevens"]
[Black "Zifroni, Dov"]
[Result "0-1"]
[WhiteElo "2203"]
[BlackElo "2501"]
[PlyCount "30"]
[EventDate "2007.10.03"]
[EventType "team-swiss"]
[EventRounds "7"]
[EventCountry "TUR"]
[SourceTitle "CBM 121"]
[Source "ChessBase"]
[SourceDate "2007.11.14"]
[SourceVersion "1"]
[SourceVersionDate "2007.11.14"]
[SourceQuality "1"]
[WhiteTeam "Monte Carlo"]
[BlackTeam "Herzliya"]
[WhiteTeamCountry "MNC"]
[BlackTeamCountry "ISR"]

1. e4 c5 2. Nf3 e6 3. d4 cxd4 4. Nxd4 a6 5. Bd3 g6 6. 0-0 Bg7 7. Nb3 Ne7 8. c4 0-0 9. Qc2 Nbc6 10. Be3 d5 11. Na3 Qc7 12. Rac1 dxe4 13. Bxe4 Qe5 14. Bc5 f5 15. f4 Qxe4 0-1

[Event "EU-Cup 23rd"]
[Site "Kemer"]
[Date "2007.10.04"]
[Round "2.2"]
[White "Esen, Baris"]
[Black "Rouchouse, Stevens"]
[Result "1-0"]
[WhiteElo "2453"]
[BlackElo "2203"]
[PlyCount "50"]
[EventDate "2007.10.03"]
[EventType "team-swiss"]
[EventRounds "7"]
[EventCountry "TUR"]
[SourceTitle "CBM 121"]
[Source "ChessBase"]
[SourceDate "2007.11.14"]
[SourceVersion "1"]
[SourceVersionDate "2007.11.14"]
[SourceQuality "1"]
[WhiteTeam "Doruk Koleji"]
[BlackTeam "Monte Carlo"]
[WhiteTeamCountry "TUR"]
[BlackTeamCountry "MNC"]

1. d4 Nf6 2. c4 c5 3. d5 b5 4. cxb5 a6 5. b6 Bb7 6. Nc3 e6 7. e4 exd5 8. exd5 d6 9. g4 Be7 10. Bg2 0-0 11. g5 Nfd7 12. h4 Nxb6 13. Nge2 a5 14. Ng3 Ba6 15. f4 Qe8 16. Kf2 f5 17. Re1 Ra7 18. b3 Qf7 19. Bb2 Rc8 20. h5 Bb7 21. Qc2 Rf8 22. Nb5 Ra8 23. g6 Qe8 24. Qc3 Rf6 25. Nxf5 Nc8 1-0

[Event "Olympiad-37"]
[Site "Turin"]
[Date "2006.06.03"]
[Round "12"]
[White "Mannhart, Marcel"]
[Black "Rouchouse, Stevens"]
[Result "1/2-1/2"]
[WhiteElo "2173"]
[BlackElo "2205"]
[PlyCount "36"]
[EventDate "2006.05.21"]
[EventType "team-swiss"]
[EventRounds "13"]
[EventCountry "ITA"]
[SourceTitle "CBM 113"]
[Source "ChessBase"]
[SourceDate "2006.07.31"]
[SourceVersion "1"]
[SourceVersionDate "2006.07.31"]
[SourceQuality "1"]
[WhiteTeam "Liechtenstein"]
[BlackTeam "Monaco"]
[WhiteTeamCountry "LIE"]
[BlackTeamCountry "MNC"]

1. Nc3 d5 2. e4 dxe4 3. Nxe4 Nd7 4. Bc4 Ngf6 5. Bxf7+ Kxf7 6. Ng5+ Kg8 7. Ne6 Qe8 8. Nxc7 Qd8 9. Nxa8 Ne5 10. Qe2 Nc6 11. Qc4+ e6 12. Nf3 Bd7 13. 0-0 Nd5 14. d4 Bd6 15. Re1 Qxa8 16. Ne5 Nxe5 17. dxe5 Be7 18. c3 Kf7 1/2-1/2

[Event "Olympiad-37"]
[Site "Turin"]
[Date "2006.05.24"]
[Round "4"]
[White "Rouchouse, Stevens"]
[Black "Khairallah, Faisal"]
[Result "0-1"]
[WhiteElo "2205"]
[BlackElo "2260"]
[PlyCount "122"]
[EventDate "2006.05.21"]
[EventType "team-swiss"]
[EventRounds "13"]
[EventCountry "ITA"]
[SourceTitle "CBM 113"]
[Source "ChessBase"]
[SourceDate "2006.07.31"]
[SourceVersion "1"]
[SourceVersionDate "2006.07.31"]
[SourceQuality "1"]
[WhiteTeam "Monaco"]
[BlackTeam "Lebanon"]
[WhiteTeamCountry "MNC"]
[BlackTeamCountry "LBN"]

1. e4 c5 2. Nf3 Nc6 3. d4 cxd4 4. Nxd4 Qb6 5. Nb3 Nf6 6. Nc3 e6 7. Be3 Qc7 8. Bd3 d6 9. 0-0 a6 10. f4 Be7 11. Qf3 0-0 12. g4 Nd7 13. g5 b5 14. a3 Re8 15. Qf2 Bf8 16. Rad1 b4 17. Nb1 Rb8 18. Be2 Nb6 19. axb4 Nxb4 20. c3 Nc6 21. N1d2 a5 22. Ra1 a4 23. Bxb6 Rxb6 24. Rxa4 Bb7 25. Bf3 Rb8 26. Rfa1 Bc8 27. Bd1 Qb7 28. Bc2 Be7 29. h4 f6 30. Qe2 Rb5 31. Kh2 Bd7 32. Qd3 g6 33. Ra6 fxg5 34. hxg5 Rf8 35. Qe3 Qc7 36. Ra8 Rbb8 37. Rxb8 Qxb8 38. Bd3 e5 39. Bc4+ Kg7 40. f5 gxf5 41. Rg1 f4 42. Qf2 Qe8 43. Qh4 Qg6 44. Nf3 Rh8 45. Nbd2 Nd8 46. b4 Ne6 47. Rg2 Ra8 48. Kg1 Ra1+ 49. Kf2 Rc1 50. Qh3 Rxc3 51. Bxe6 Bxe6 52. Qh1 Bd8 53. Rh2 Bb6+ 54. Kg2 Rc2 55. Qe1 Be3 56. Kh1 Bg4 57. Nxe5 dxe5 58. Qa1 Bf3+ 59. Nxf3 Rc1+ 60. Qxc1 Bxc1 61. Rc2 Qh5+ 0-1

[Event "Olympiad-37"]
[Site "Turin"]
[Date "2006.05.23"]
[Round "3"]
[White "Rouchouse, Stevens"]
[Black "Volpinari, Danilo"]
[Result "0-1"]
[WhiteElo "2205"]
[BlackElo "2036"]
[PlyCount "66"]
[EventDate "2006.05.21"]
[EventType "team-swiss"]
[EventRounds "13"]
[EventCountry "ITA"]
[SourceTitle "CBM 113"]
[Source "ChessBase"]
[SourceDate "2006.07.31"]
[SourceVersion "1"]
[SourceVersionDate "2006.07.31"]
[SourceQuality "1"]
[WhiteTeam "Monaco"]
[BlackTeam "San Marino"]
[WhiteTeamCountry "MNC"]
[BlackTeamCountry "SMR"]

1. e4 c5 2. Nf3 e6 3. d4 cxd4 4. Nxd4 a6 5. Bd3 Bc5 6. Nb3 Ba7 7. Qe2 Nc6 8. Be3 d6 9. f4 Nge7 10. 0-0 Bxe3+ 11. Qxe3 e5 12. Qg3 0-0 13. f5 f6 14. Nc3 Kh8 15. Rad1 b5 16. Qh4 Qb6+ 17. Kh1 Bb7 18. Rf3 Rad8 19. a4 b4 20. Bc4 h6 21. Ne2 Na5 22. Nxa5 Qxa5 23. Ng3 d5 24. Bd3 dxe4 25. Nxe4 Rd4 26. Re1 Rfd8 27. b3 Qc7 28. Rh3 Bxe4 29. Rxe4 Qc6 30. Rxd4 Rxd4 31. Qf2 Nd5 32. Rg3 Nf4 33. Qf3 Rxd3 0-1

[Event "FRA-chT2S"]
[Site "France"]
[Date "2003.01.18"]
[Round "5.7"]
[White "Bon, Michael"]
[Black "Rouchouse, Stevens"]
[Result "1-0"]
[WhiteElo "2152"]
[BlackElo "2196"]
[PlyCount "54"]
[EventDate "2002.10.??"]
[EventType "team"]
[EventRounds "11"]
[EventCountry "FRA"]
[SourceTitle "EXT 2004"]
[Source "ChessBase"]
[SourceDate "2003.11.25"]
[SourceVersion "1"]
[SourceVersionDate "2003.11.25"]
[SourceQuality "1"]

1. e4 c5 2. Nf3 e6 3. d4 cxd4 4. Nxd4 a6 5. Bd3 Nf6 6. 0-0 Qc7 7. Qe2 Nc6 8. Be3 h5 9. h3 b6 10. Nd2 Bb7 11. a4 h4 12. N4b3 Nh5 13. Nc4 Nf4 14. Qg4 Nxd3 15. cxd3 b5 16. axb5 axb5 17. Rxa8+ Bxa8 18. Ra1 Qb8 19. Bf4 Qd8 20. Nd6+ Bxd6 21. Qxg7 Rf8 22. Bxd6 Ne7 23. Qf6 Bc6 24. Nd4 Rg8 25. Nxc6 Nxc6 26. Qxd8+ Nxd8 27. Ra8 f6 1-0

[Event "FRA-chT2S"]
[Site "France"]
[Date "2002.11.16"]
[Round "2.7"]
[White "Rouchouse, Stevens"]
[Black "Rodriguez, Angel"]
[Result "1/2-1/2"]
[WhiteElo "2196"]
[BlackElo "2060"]
[PlyCount "102"]
[EventDate "2002.10.??"]
[EventType "team"]
[EventRounds "11"]
[EventCountry "FRA"]
[SourceTitle "EXT 2004"]
[Source "ChessBase"]
[SourceDate "2003.11.25"]
[SourceVersion "1"]
[SourceVersionDate "2003.11.25"]
[SourceQuality "1"]

1. e4 c5 2. Nf3 Nc6 3. d4 cxd4 4. Nxd4 Nf6 5. Nc3 e5 6. Ndb5 d6 7. Bg5 a6 8. Na3 b5 9. Nd5 Qa5+ 10. Bd2 Qd8 11. Bg5 Qa5+ 12. Bd2 Qd8 13. Nxf6+ Qxf6 14. c4 Qg6 15. cxb5 Qxe4+ 16. Be3 Nd4 17. Qd2 Bg4 18. f3 Nxf3+ 19. gxf3 Bxf3 20. Rg1 d5 21. Bd3 Qh4+ 22. Bf2 Qxh2 23. bxa6 Be7 24. Rxg7 Kf8 25. Rg1 Rg8 26. Rxg8+ Kxg8 27. Nc2 d4 28. b4 e4 29. Nxd4 Qh1+ 30. Bf1 Bg2 31. 0-0-0 Bxf1 32. Qe1 Qh6+ 33. Be3 Qxa6 34. Qg3+ Kh8 35. Nc2 Rg8 36. Qf4 Bd3 37. Qxf7 Bf6 38. Rh1 Bg7 39. Qh5 h6 40. Bxh6 Bxh6+ 41. Qxh6+ Qxh6+ 42. Rxh6+ Kg7 43. Rh2 Kf6 44. Kb2 Ke5 45. a4 Rg3 46. Rd2 Bc4 47. b5 Rb3+ 48. Kc1 Bd3 49. Rh2 Kf4 50. Kd1 Rb2 51. Kc1 Rb3 1/2-1/2

[Event "Paris Sophos sim2"]
[Site "Paris"]
[Date "2002.11.07"]
[Round "?"]
[White "Kosten, Anthony C"]
[Black "Rouchouse, Stevens"]
[Result "1-0"]
[WhiteElo "2551"]
[BlackElo "2196"]
[PlyCount "59"]
[EventDate "2002.11.07"]
[EventType "simul"]
[EventRounds "1"]
[EventCountry "FRA"]
[SourceTitle "EXT 2007"]
[Source "ChessBase"]
[SourceDate "2006.11.23"]
[SourceVersion "1"]
[SourceVersionDate "2006.11.23"]
[SourceQuality "1"]

1. d4 d5 2. c4 Bf5 3. Nc3 e6 4. Nf3 Bb4 5. Qb3 Nc6 6. e3 a5 7. cxd5 exd5 8. Bb5 Kd7 9. Qxd5+ Kc8 10. Qxf5+ Qd7 11. Qxd7+ Kxd7 12. Ne5+ Ke7 13. Bxc6 bxc6 14. Nxc6+ Kd7 15. Nxb4 axb4 16. Ne4 Re8 17. Nc5+ Kc6 18. 0-0 Nf6 19. Bd2 Kb5 20. a4+ Kc6 21. Bxb4 Nd5 22. Ba5 Ra8 23. b4 Rhe8 24. Rfc1 f5 25. Rc2 h5 26. Rac1 Kd6 27. g3 g6 28. Nd3 Re7 29. Ne5 Rb8 30. Rc6# 1-0

[Event "FRA-chT1"]
[Site "France"]
[Date "2002.02.01"]
[Round "1.7"]
[White "Rouchouse, Stevens"]
[Black "Laurain, Dominique"]
[Result "1-0"]
[WhiteElo "2185"]
[BlackElo "2107"]
[PlyCount "109"]
[EventDate "2002.02.??"]
[EventType "team"]
[EventRounds "11"]
[EventCountry "FRA"]
[SourceTitle "EXT 2003"]
[Source "ChessBase"]
[SourceDate "2002.11.25"]
[SourceVersion "1"]
[SourceVersionDate "2002.11.25"]
[SourceQuality "1"]
[WhiteTeam "Orange"]
[BlackTeam "Toulouse"]
[WhiteTeamCountry "FRA"]
[BlackTeamCountry "FRA"]

1. e4 e6 2. d4 d5 3. Nc3 Bb4 4. e5 Ne7 5. a3 Bxc3+ 6. bxc3 c5 7. Nf3 Qa5 8. Bd2 Nbc6 9. Be2 Bd7 10. Rb1 Qc7 11. 0-0 f6 12. Bf4 Ng6 13. Bg3 fxe5 14. Nxe5 Ngxe5 15. dxe5 0-0 16. f4 Ne7 17. Bf3 Bc6 18. Bg4 Nf5 19. Bf2 Qa5 20. Qd3 c4 21. Qd2 Rad8 22. Bh3 Rd7 23. g4 Nh6 24. Bd4 Qxa3 25. Ra1 Qe7 26. Rxa7 Qh4 27. Qg2 Rdf7 28. f5 Qg5 29. Qg3 Qd2 30. Raa1 Qxc2 31. fxe6 Rxf1+ 32. Rxf1 Rxf1+ 33. Kxf1 Qg6 34. Qf3 Qxe6 35. g5 Qf7 36. Qxf7+ Nxf7 37. Be6 Kf8 38. h4 Nd8 39. Bc5+ Ke8 40. Bg8 h6 41. e6 hxg5 42. hxg5 d4 43. g6 Nxe6 44. Bxe6 dxc3 45. Bxc4 c2 46. Ba3 Be4 47. Bf7+ Kd7 48. Ke2 Kc6 49. Kd2 Kb5 50. Bb2 Kc5 51. Bxg7 b5 52. Bf8+ Kd4 53. g7 Bh7 54. g8Q Bxg8 55. Bxg8 1-0

[Event "FRA-chT3"]
[Site "France"]
[Date "2001.??.??"]
[Round "7"]
[White "Gaudineau, Eric"]
[Black "Rouchouse, Stevens"]
[Result "1-0"]
[WhiteElo "2305"]
[BlackElo "2170"]
[PlyCount "101"]
[EventDate "2001.??.??"]
[EventType "team"]
[EventRounds "9"]
[EventCountry "FRA"]
[SourceTitle "EXT 2003"]
[Source "ChessBase"]
[SourceDate "2002.11.25"]
[SourceVersion "1"]
[SourceVersionDate "2002.11.25"]
[SourceQuality "1"]

1. e4 c5 2. Nc3 Nc6 3. f4 g6 4. Nf3 Bg7 5. Bc4 e6 6. f5 Nge7 7. fxe6 dxe6 8. d3 0-0 9. Be3 b6 10. Qd2 Na5 11. Bb3 Nxb3 12. axb3 Nc6 13. Bh6 Nd4 14. 0-0 f6 15. Nxd4 cxd4 16. Nb5 Qd7 17. Bxg7 Kxg7 18. Na3 b5 19. e5 f5 20. Qb4 Rb8 21. Nc4 Qd5 22. Nd6 Bb7 23. Rf2 a6 24. Nxb7 Rxb7 25. Rxa6 Qxe5 26. Rd6 Ra7 27. Qxd4 Ra1+ 28. Rf1 Qxd4+ 29. Rxd4 Ra2 30. Rb1 Rc8 31. c3 Kf6 32. Rd7 h6 33. d4 b4 34. c4 Rca8 35. Rb7 Rd8 36. Kf2 Rxd4 37. Ke3 Re4+ 38. Kf3 Rd4 39. Ke3 Re4+ 40. Kf2 Rf4+ 41. Ke2 Re4+ 42. Kd3 Rf4 43. c5 Ke5 44. c6 Rd4+ 45. Ke3 Ra6 46. Rc1 f4+ 47. Ke2 Ra2 48. c7 Rxb2+ 49. Ke1 Re4+ 50. Kf1 Ree2 51. Rc5+ 1-0

[Event "Cannes masters k.o."]
[Site "Cannes"]
[Date "2000.02.19"]
[Round "1.1"]
[White "Palac, Mladen"]
[Black "Rouchouse, Stevens"]
[Result "1-0"]
[WhiteElo "2570"]
[BlackElo "2187"]
[PlyCount "81"]
[EventDate "2000.02.19"]
[EventType "k.o."]
[EventRounds "5"]
[EventCountry "FRA"]
[SourceTitle "CBM 076"]
[Source "ChessBase"]
[SourceDate "2000.05.31"]
[SourceVersion "1"]
[SourceVersionDate "2000.05.31"]
[SourceQuality "1"]

1. e4 e5 2. Nf3 Nf6 3. Nxe5 d6 4. Nf3 Nxe4 5. d4 d5 6. Bd3 Bd6 7. 0-0 0-0 8. Re1 Re8 9. c4 c6 10. Nc3 Nf6 11. Rxe8+ Qxe8 12. Bg5 Nbd7 13. c5 Bc7 14. Qc2 h6 15. Bh4 g5 16. Re1 Qd8 17. Bg3 Bxg3 18. hxg3 Nf8 19. b4 Ne6 20. Qd2 Qf8 21. Bb1 Qg7 22. Ne5 Bd7 23. Nd1 Re8 24. Ne3 Ne4 25. Bxe4 dxe4 26. Nxd7 Rd8 27. Nf5 Qh8 28. d5 Rxd7 29. d6 Qf6 30. Ne7+ Kf8 31. Qc2 Rxe7 32. dxe7+ Qxe7 33. Qxe4 a5 34. a3 axb4 35. axb4 Kg7 36. g4 Qf6 37. g3 Nc7 38. Qe5 Nd5 39. b5 Qxe5 40. Rxe5 Kf6 41. Rxd5 1-0

[Event "FRA-chT2S 9900"]
[Site "France"]
[Date "1999.12.05"]
[Round "4"]
[White "Rouchouse, Stevens"]
[Black "Dunis, Aurelien"]
[Result "0-1"]
[WhiteElo "2201"]
[BlackElo "2196"]
[PlyCount "66"]
[EventDate "1999.01.15"]
[EventType "team"]
[EventRounds "7"]
[EventCountry "FRA"]
[SourceTitle "EXT 2002"]
[Source "ChessBase"]
[SourceDate "2001.11.25"]
[SourceVersion "1"]
[SourceVersionDate "2001.11.25"]
[SourceQuality "1"]

1. e4 e5 2. Nf3 Nc6 3. Bc4 Bc5 4. c3 Nf6 5. b4 Bb6 6. d3 0-0 7. 0-0 d6 8. a4 a5 9. b5 Ne7 10. Re1 Ng6 11. d4 exd4 12. Nxd4 Nxe4 13. Bxf7+ Rxf7 14. Rxe4 Qf6 15. Re8+ Rf8 16. Rxf8+ Kxf8 17. Be3 Ne5 18. Nd2 Bg4 19. f3 Bh5 20. Ne4 Qg6 21. Ng3 Re8 22. Nxh5 Qxh5 23. Bf2 Qg6 24. Ra2 Nd3 25. Re2 Rxe2 26. Qxe2 Nf4 27. Qf1 Nh3+ 28. Kh1 Qd3 29. Qe1 Nxf2+ 30. Qxf2 Qxc3 31. Ne6+ Ke7 32. Qh4+ Kxe6 33. Qg4+ Ke7 0-1

[Event "FRA-chT2S 9900"]
[Site "France"]
[Date "1999.11.21"]
[Round "3"]
[White "Rouchouse, Stevens"]
[Black "Van Dongen, Patrick"]
[Result "1-0"]
[WhiteElo "2201"]
[BlackElo "2258"]
[PlyCount "101"]
[EventDate "1999.01.15"]
[EventType "team"]
[EventRounds "7"]
[EventCountry "FRA"]
[SourceTitle "EXT 2002"]
[Source "ChessBase"]
[SourceDate "2001.11.25"]
[SourceVersion "1"]
[SourceVersionDate "2001.11.25"]
[SourceQuality "1"]

1. e4 d6 2. d4 Nf6 3. Nc3 e5 4. dxe5 dxe5 5. Qxd8+ Kxd8 6. Bg5 c6 7. 0-0-0+ Nbd7 8. Bc4 Ke8 9. a4 h6 10. Bh4 g5 11. Bg3 Nh5 12. Nge2 Rg8 13. f3 Nf4 14. Bxf4 gxf4 15. g3 fxg3 16. hxg3 Nf6 17. Rd3 Be6 18. Bxe6 fxe6 19. Nd1 h5 20. Ne3 Bh6 21. Kb1 Bxe3 22. Rxe3 Rd8 23. f4 Ng4 24. Rd3 Rxd3 25. cxd3 Nf2 26. Rxh5 Nxd3 27. Kc2 exf4 28. Kxd3 fxg3 29. Ke3 g2 30. Kf2 Rg4 31. Re5 Kd7 32. Ng1 Kd6 33. Ra5 a6 34. Kf3 Rg7 35. e5+ Kc7 36. Rc5 Rd7 37. Rc2 Rd4 38. Rxg2 Rxa4 39. Ne2 Rb4 40. Nf4 Kd7 41. Rg7+ Ke8 42. Nxe6 Rxb2 43. Nc7+ Kf8 44. Rd7 Rb1 45. Kf4 a5 46. Kf5 a4 47. Ke6 b5 48. Rf7+ Kg8 49. Ne8 Kh8 50. Nf6 Rh1 51. Rf8+ 1-0

[Event "FRA-chT2S 9900"]
[Site "France"]
[Date "1999.11.20"]
[Round "2"]
[White "Verdier, Patrice"]
[Black "Rouchouse, Stevens"]
[Result "1/2-1/2"]
[WhiteElo "2276"]
[BlackElo "2201"]
[PlyCount "84"]
[EventDate "1999.01.15"]
[EventType "team"]
[EventRounds "7"]
[EventCountry "FRA"]
[SourceTitle "EXT 2002"]
[Source "ChessBase"]
[SourceDate "2001.11.25"]
[SourceVersion "1"]
[SourceVersionDate "2001.11.25"]
[SourceQuality "1"]

1. d4 Nf6 2. c4 g6 3. Nc3 Bg7 4. e4 0-0 5. f4 d6 6. Nf3 c5 7. d5 e6 8. Be2 exd5 9. cxd5 Bg4 10. 0-0 Nbd7 11. h3 Bxf3 12. Bxf3 Re8 13. g4 Re7 14. g5 Ne8 15. h4 c4 16. Be3 f5 17. Bd4 fxe4 18. Nxe4 Bxd4+ 19. Qxd4 Qb6 20. Qxb6 Nxb6 21. Rae1 Kf8 22. f5 gxf5 23. Bg4 Ng7 24. Bxf5 Nxf5 25. Rxf5+ Kg7 26. h5 Rae8 27. h6+ Kg6 28. Rf6+ Kh5 29. Re6 Rxe6 30. dxe6 Re7 31. Nxd6 Kxg5 32. Nxb7 Kxh6 33. Na5 Kg6 34. Nc6 Re8 35. e7 Kf6 36. Kg2 Nd5 37. Rf1+ Ke6 38. Rf8 Kd7 39. Rxe8 Kxe8 40. Nxa7 Kxe7 41. Nb5 Nf4+ 42. Kf3 Nd3 1/2-1/2